Départements français dans l'ordre - Statistiques

Statistiques générales
  • Ce quiz a été pris 155 fois
  • Le résultat moyen est 77 sur 101
Statistiques - réponses
Hint Réponse % Correct
1 Ain
98%
2 Aisne
95%
42 Loire
93%
2A Corse-du-Sud
92%
2B Haute-Corse
92%
7 Ardèche
89%
10 Aube
89%
33 Gironde
89%
45 Loiret
89%
59 Nord
89%
6 Alpes-Maritimes
87%
11 Aude
87%
13 Bouches-du-Rhône
87%
14 Calvados
87%
29 Finistère
85%
971 Guadeloupe
85%
38 Isère
85%
974 La Réunion
85%
3 Allier
84%
5 Hautes-Alpes
84%
36 Indre
84%
972 Martinique
84%
75 Paris
84%
8 Ardennes
82%
9 Ariège
82%
23 Creuse
82%
27 Eure
82%
37 Indre-et-Loire
82%
93 Seine-Saint-Denis
82%
78 Yvelines
82%
4 Alpes-de-Haute-Provence
80%
16 Charente
80%
17 Charente-maritime
80%
91 Essonne
80%
60 Oise
80%
69 Rhône
80%
77 Seine-et-Marne
80%
15 Cantal
79%
22 Côtes-d'Armor
79%
30 Gard
79%
973 Guyane
79%
43 Haute-Loire
79%
39 Jura
79%
41 Loir-et-Cher
79%
51 Marne
79%
976 Mayotte
79%
54 Meurthe-et-Moselle
79%
56 Morbihan
79%
62 Pas-de-Calais
79%
73 Savoie
79%
83 Var
79%
67 Bas-Rhin
77%
18 Cher
77%
19 Corrèze
77%
28 Eure-et-Loire
77%
68 Haut-Rhin
77%
57 Moselle
77%
66 Pyrénées-Orientales
77%
85 Vendée
77%
21 Côte-d'Or
75%
24 Dordogne
75%
25 Doubs
75%
26 Drôme
75%
74 Haute-Savoie
75%
35 Ille-et-Vilaine
75%
84 Vaucluse
75%
12 Aveyron
74%
34 Hérault
72%
44 Loire-Atlantique
72%
46 Lot
72%
50 Manche
72%
53 Mayenne
72%
55 Meuse
72%
63 Puy-de-Dôme
72%
76 Seine-Maritime
72%
32 Gers
70%
65 Hautes-Pyrenées
70%
92 Hauts-de-Seine
70%
90 Territoire de Belfort
70%
31 Haute-Garonne
69%
40 Landes
69%
64 Pyrénées-Atlantiques
69%
72 Sarthe
69%
86 Vienne
69%
47 Lot-et-Garonne
67%
48 Lozère
67%
58 Nièvre
67%
61 Orne
66%
89 Yonne
66%
81 Tarn
64%
82 Tarn-et-Garonne
64%
94 Val-de-Marne
64%
95 Val-d'Oise
64%
80 Somme
62%
88 Vosges
62%
52 Haute-Marne
61%
87 Haute-Vienne
61%
71 Saône-et-Loire
61%
70 Haute-Saône
59%
79 Deux-Sèvres
51%
49 Maine-et-Loire
49%
Aucun quiz correspondant
Distribution des résultats
% des personnes avec chaque résultat
Percentile par nombre de réponses
Votre historique - résultats
Vous n’avez pas pris ce quiz